Sài Gòn ba thế kỷ phát triển và xây dựng

Salvato in:
Dettagli Bibliografici
Autore principale: Lê, Quang Ninh
Natura: Libro
Lingua:Undetermined
Pubblicazione: Thành phố Hồ Chí Minh Tổng hợp Thành phố Hồ Chí Minh 2004
Soggetti:
Tags: Aggiungi Tag
Nessun Tag, puoi essere il primo ad aggiungerne! !
Thư viện lưu trữ: Trung tâm Học liệu Trường Đại học Cần Thơ
LEADER 00632nam a2200205Ia 4500
001 CTU_74274
008 210402s9999 xx 000 0 und d
020 |b 250000 
082 |a 720.9597 
082 |b N312 
100 |a Lê, Quang Ninh 
245 0 |a Sài Gòn ba thế kỷ phát triển và xây dựng 
245 0 |c Lê Quang Ninh 
260 |a Thành phố Hồ Chí Minh 
260 |b Tổng hợp Thành phố Hồ Chí Minh 
260 |c 2004 
650 |a Architecture 
650 |z Vietnam,Sai Gon city 
904 |i Năm, QHieu 
980 |a Trung tâm Học liệu Trường Đại học Cần Thơ